Datum a čas kvízu
23
Celkem bodů
Celkový počet nahraných bodů na tomto kvízu bez doplňovacích otázek.
4.
Pořadí na kvízu
Konečné umístění týmu na tomto kvízu.
Zaznamenané odpovědi
| # | Otázka | Odpověď | Body | Výsledky |
|---|---|---|---|---|
| 1. | Poslanecká sněmovna ve středu... | 1 | ||
| 2. | Ukrajinští vyšetřovatelé zabav... | 1 | ||
| 3. | Minulé pondělí proběhlo vyhláš... | 0 | ||
| 4. | McDonald's přišel o ochrannou... | 0 | ||
| 5. | Jak se jmenuje letošní mistryn... | 1 | ||
| 6. | V tomto tématu Vás čeká pět vý... | 0 | ||
| 7. | Z níže vypsaných měst leží nej... | 1 | ||
| 8. | Z níže vypsaných děl vyberte j... | 0 | ||
| 9. | Které z těchto zvířat je sudo... | 1 | ||
| 10. | Které z těchto příjmení je v Č... | 0 |